| 000 | 00480cam a2200181 a 4500 | ||
|---|---|---|---|
| 020 | _a0697257738 (paper) | ||
| 020 | _a069725772X (case) | ||
| 040 | _cDLC | ||
| 082 | 0 | 0 | _a580 BRO 1997 A061 Or. |
| 100 | 1 | _aStern, Kingsley R. | |
| 245 | 1 | 0 | _aIntroductory plant biology / |
| 246 | 3 | 1 | _aPlant biology |
| 250 | _aEd. 7. | ||
| 260 |
_aDubuque, IA : _bWm. C. Brown Publishers, _cc1997. |
||
| 300 |
_axiv, 570 p. : _bill. (some col.) ; _c28 cm. |
||
| 650 | 0 | _aBotany. | |
| 942 | _cEK | ||
| 999 |
_c14848 _d14848 |
||